Economic restructuring and gender subordination (Registro nro. 10742)
[ vista simple ]
| 000 -LEADER | |
|---|---|
| fixed length control field | 00440nam a2200157Ia 4500 |
| 005 - DATE AND TIME OF LATEST TRANSACTION | |
| control field | 20250822170810.0 |
| 008 - FIXED-LENGTH DATA ELEMENTS--GENERAL INFORMATION | |
| fixed length control field | 250822s9999||||xx |||||||||||||| ||und|| |
| 100 ## - MAIN ENTRY--PERSONAL NAME | |
| Personal name | Safa, Helen |
| 245 #0 - TITLE STATEMENT | |
| Title | Economic restructuring and gender subordination |
| 300 ## - PHYSICAL DESCRIPTION | |
| Extent | p. 32-50 |
| 650 ## - SUBJECT ADDED ENTRY--TOPICAL TERM | |
| Topical term or geographic name entry element | DESARROLLO ECONOMICO |
| 650 ## - SUBJECT ADDED ENTRY--TOPICAL TERM | |
| Topical term or geographic name entry element | ROLES SEXUALES |
| 651 ## - SUBJECT ADDED ENTRY--GEOGRAPHIC NAME | |
| Geographic name | AMERICA LATINA |
| 773 ## - HOST ITEM ENTRY | |
| Main entry heading | Latin American perspectives Vol. 22 No. 2 (1995) |
| 942 ## - ADDED ENTRY ELEMENTS (KOHA) | |
| -- | MJCh |
No hay ítems disponibles.